000 00673cam a22002171 4500
001 ne 63000067
003 DLC
005 20260227111739.0
008 900618s1962 ua 000 1 ararc
010 _ane 63000067
025 _aPL480:UAR-1051
035 _a(OCoLC)21880387
040 _aPrinceton Univ. Libr.
_cWaU
_dWaU
_dDLC
042 _apremarc
050 0 0 _aPJ7862.H27
_bM8
100 1 _aSharqāwī, ʻAbd al-Raḥmān,
_d1920-1987.
245 1 0 _aMuḥammad rasūl al-ḥurrīyah
_c[taʼlīf] ʻAbd al-Raḥmān al-Sharqāwī.
260 _aal-Qāhirah,
_bʻĀlam al-Kutub
_c[1962]
300 _a400 p.
_c24 cm.
600 0 0 _aMuḥammad,
_cProphet,
_d-632
_vFiction.
999 _c45425
_d45425